000 00303nam a22001337a 4500
003 SGT
020 _a978-93-82006-47-3
082 _a302.2
_bSAH
100 _aSAHAY, MUKUL
245 _aA TEXTBOOK OF COMMUNICATION MEDIA AND SOCIETY
260 _aINDIA
_bAPH
_c2018
300 _a196
942 _2ddc
_cBK
999 _c22151
_d22151